ბათუმის შოთა რუსთაველის სახელმწიფო უნივერსიტეტის ბიბლიოთეკა

Supporting the emotional well-being of children and young people with learning disabilities : (ბიბ.ჩანაწერი № 58126)

000 -LEADER
fixed length control field 01434cam a2200241 i 4500
001 - CONTROL NUMBER
control field 21144546
005 - DATE AND TIME OF LATEST TRANSACTION
control field 20221107110356.0
008 - FIXED-LENGTH DATA ELEMENTS--GENERAL INFORMATION
fixed length control field 190820s2020 enk b 001 0 eng
020 ## - INTERNATIONAL STANDARD BOOK NUMBER
International Standard Book Number 9780367321376x
041 ## - LANGUAGE CODE
Language code of text/sound track or separate title eng
080 ## - UNIVERSAL DECIMAL CLASSIFICATION NUMBER
Universal Decimal Classification number 364.694 + 376-056.2 F-83
100 1# - MAIN ENTRY--PERSONAL NAME
Personal name Fox, Mark
Dates associated with a name
9 (RLIN) 12104
245 10 - TITLE STATEMENT
Title Supporting the emotional well-being of children and young people with learning disabilities :
Remainder of title a whole school approach /
Statement of responsibility, etc. Mark Fox, Tom Laverty, and Sanchita Chowdhury.
264 #1 - PRODUCTION, PUBLICATION, DISTRIBUTION, MANUFACTURE, AND COPYRIGHT NOTICE
Place of production, publication, distribution, manufacture London ;
-- New York :
Name of producer, publisher, distributor, manufacturer Routledge, Taylor & Francis Group,
Date of production, publication, distribution, manufacture, or copyright notice 2020.
300 ## - PHYSICAL DESCRIPTION
Extent 121 pages ;
Dimensions 30 cm.
653 ## - INDEX TERM--UNCONTROLLED
keyword Поддержка эмоционального благополучия детей и молодых людей с нарушением обучаемости
653 ## - INDEX TERM--UNCONTROLLED
keyword სწავლის შეზღუდული შესაძლებლობის მქონე ბავშვებისა და ახალგაზრდების ემოციური კეთილდღეობის ხელშეწყობა
653 ## - INDEX TERM--UNCONTROLLED
keyword გონებრივი შეზღუდული შესაძლებლობის მქონე ახალგაზრდები
653 ## - INDEX TERM--UNCONTROLLED
keyword Молодежь с психическими расстройствами
700 1# - ADDED ENTRY--PERSONAL NAME
Personal name Laverty, Tom,
Relator term author.
9 (RLIN) 12105
700 1# - ADDED ENTRY--PERSONAL NAME
Personal name Chowdhury, Sanchita,
Relator term author.
9 (RLIN) 12106
942 ## - ADDED ENTRY ELEMENTS (KOHA)
Source of classification or shelving scheme
Koha item type წიგნი
ეგზემპლარები
Withdrawn status Lost status Source of classification or shelving scheme Damaged status Not for loan Permanent Location Current Location Shelving location Date acquired Cost, normal purchase price Full call number Barcode Date last seen Copy number Price effective from Koha item type Public note
          ბათუმის შოთა რუსთაველის სახელმწიფო უნივერსიტეტის მთავარი ბიბლიოთეკა ბათუმის შოთა რუსთაველის სახელმწიფო უნივერსიტეტის მთავარი ბიბლიოთეკა წიგნსაცავი 2021-06-21 69.00 364.694 + 376-056.2 F-83 61392 2021-06-21 61392 2021-06-21 წიგნი 69 ლ.